Countries with the Largest Navies - Statistics

General Stats
  • This quiz has been taken 1,164 times
  • The average score is 9 of 10
Answer Stats
Place Number of Personnel Number of Warships Answer % Correct
1 323,700 341 United States
100%
3 250,000 239 China
98%
5 36,600 100 United Kingdom
98%
2 140,000 282 Russia
97%
6 44,000 72 France
94%
7 58,350 155 India
93%
4 45,800 109 Japan
93%
9 35,200 66 Italy
83%
8 68,000 70 South Korea
82%
10 38,000 48 Taiwan
51%
No matching quizzes found
Score Distribution
Percent of People with Each Score
Percentile by Number Answered
Your Score History
You have not taken this quiz